000 00583nam a2200193Ia 4500
008 240729s9999 xx 000 0 und d
022 _a2717-4069
245 0 _aJournal of New Studies in Sport Management
260 _aIran, Islamic Republic of
260 _bShahid Bahonar University of Kerman
650 _a Business
650 _a Commerce
650 _a Recreation. Leisure
650 _a Sports | Social Sciences
650 _aGeography. Anthropology. Recreation
856 _uhttps://doaj.org/toc/6960ba4f4e7d4a9b9968aa9125a0c830
942 _2ddc
942 _cDOAJEJ
999 _c72955
_d72955
945 _a1
_bMadushi Gamage
_c1
_dMadushi Gamage